Catálogo

CAMBIO Y CONTINUIDAD ENTRE LOS MAYAS DE MEXICO : (Registro nro. 57812)

Detalles MARC
000 -LEADER
fixed length control field 01206nam a2200205 a 4500
001 - CONTROL NUMBER
control field 57812
005 - DATE AND TIME OF LATEST TRANSACTION
control field 20180714054146.0
008 - FIXED-LENGTH DATA ELEMENTS--GENERAL INFORMATION
fixed length control field 140415s1992 mx 000 0 spa d
020 ## - INTERNATIONAL STANDARD BOOK NUMBER
International Standard Book Number 968294421X
041 ## - LANGUAGE CODE
Language code of text/sound track or separate title spa
082 ## - DEWEY DECIMAL CLASSIFICATION NUMBER
Classification number 306
Item number PRE
100 1# - MAIN ENTRY--PERSONAL NAME
Personal name FAVRE, HENRI
245 10 - TITLE STATEMENT
Title CAMBIO Y CONTINUIDAD ENTRE LOS MAYAS DE MEXICO :
Remainder of title CONTRUBUCION AL ESTUDIO DE LA SITUACION COLONIAL EN AMERICA LATINA
250 ## - EDITION STATEMENT
Edition statement 2a ed.
260 ## - PUBLICATION, DISTRIBUTION, ETC.
Place of publication, distribution, etc. MEXICO :
Name of publisher, distributor, etc. CONSEJO NACIONAL PARA LA CULTURA Y LAS ARTES,
Date of publication, distribution, etc. 1992
300 ## - PHYSICAL DESCRIPTION
Extent 394
Dimensions 13.5 x 2 x 21
490 ## - SERIES STATEMENT
Series statement PRESENCIAS
520 ## - SUMMARY, ETC.
Summary, etc. EL PRESENTE OBRA SE ABORDAN LOS CAMBIOS QUE HA PROVOCADO EL CAPITALISMO, DESDE FINES DE LOS SESENTA, EN LAS ESTRUCTURAS COLONIALES Y SEÑORIALES DE LAS COMUNIDADES TZOTZILES-TZELTALES QUE SOBREVIVIERON A LA REVOLUCION, CAMBIOS QUE LAS INCORPORARON AL MODELO DE DESARROLLO NACIONAL EN EL ASPECTO PRODUCTIVO. A PARTIR DE LOS AÑOS DE LA DECADA DE 1960, EL IMPULSO BRUTAL Y CRECIENTE DEL CAPITALISMO HA PROVODO EL DESPLOMO DE LAS ESTRUCTURAS COLONIALES Y SEÑORIALES QUE HABIAN SOBREVIVIDO A LA
650 14 - SUBJECT ADDED ENTRY--TOPICAL TERM
Topical term or geographic name entry element MAYAS
General subdivision HISTORIA
-- MEXICO
-- HISTORIA
-- SIGLO XX
-- ANTROPOLOGIA CULTURAL
-- MAYAS
-- CONDICIONES SOCIALES Y CULTURALES
Existencias
Withdrawn status Lost status Source of classification or shelving scheme Damaged status Not for loan Collection code Home library Current library Shelving location Date acquired Source of acquisition Inventory number Total Checkouts Full call number Barcode Date last seen Date last checked out Price effective from Koha item type
    Dewey Decimal Classification     General Biblioteca Karol Wojtyla Biblioteca Karol Wojtyla Sala general 03/12/2013 Compra 151000000000000000053780   306 PRE 87293 26/01/2026 11/01/2016 03/12/2013 Libro